| 000 | 00484cam a2200169u 4500 | ||
|---|---|---|---|
| 001 | unk84005636 | ||
| 003 | DLC | ||
| 005 | 20260227112801.0 | ||
| 008 | 840419s1971 dr k 000 0 spa | ||
| 010 | _aunk84005636 | ||
| 040 |
_aDLC _cCarP _dDLC |
||
| 050 | 0 | 0 |
_aS494.5.E8 _bD64 |
| 110 | 1 |
_aDominican Republic. _bOficina Nacional de EstadÃstic. [from old catalog] |
|
| 245 | 0 | 0 | _aSexto censo nacional agropecuario, |
| 260 |
_aSanto Domingo, _c1971. |
||
| 300 |
_a9 l. _bforms. _c28 cm. |
||
| 999 |
_c91503 _d91503 |
||